000 00411nam a2200121 a 4500
008 120416s1984 xx |||||||||||||| || u
050 _aTS 161 Bai
100 _aBaily, Peter
245 1 0 _aMaterials management handbook
260 _c1984
350 _a0.00
995 _D0.00
_FCBU-MAIN LIBRARY (Kitwe)
_H1
_I24.45
_UAVAILABLE
_ZMain Library Open Access Collection
999 _c50610
_d50610